Spain Squad Eurocup 2024 - Estadísticas

Estadísticas generales
  • Esta prueba ha sido intentada 32 veces
  • La puntuación promedio es 19 de 26
Estadísticas de respuestas
Posición Jugador % Correcto
ED Lamine Yamal
100%
MC Pedri González
97%
POR Unai Simón
97%
LD Daniel Carvajal
93%
POR David Raya
90%
LI Marc Cucurella
90%
EI Nico Williams
90%
DC Álvaro Morata
83%
DFC Aymeric Laporte
83%
MCO Daniel Olmo
83%
EI/DC Ferran Torres
83%
MCD Martín Zubimendi
83%
MCD Rodrigo Hernández
83%
DC Mikel Oyarzabal
79%
DFC Robin Le Normand
79%
LI Alejandro Grimaldo
76%
POR Álex Remiro
76%
MC Fabián Ruiz
76%
MC Mikel Merino
76%
DFC Daniel Vivian
52%
MCO Fermín López
52%
LD Jesús Navas
48%
DFC Nacho Fernández
48%
ED Yeremy Pino
45%
DC Jose Luis Mato
41%
EI Ayoze Pérez
28%
No se encontraron pruebas coincidentes
Distribución de puntuación
Porcentaje de gente con cada puntuación
Porcentaje por número respondido
Historial de tus puntuaciones
No has intentado esta prueba.